Statistics for Less Common Colors

Click here to take the quiz!

General Stats

  • This quiz has been taken 13 times
  • The average score is 26 of 73

Answer Stats

HintAnswer% Correct
F*Fuchsia
90%
L*Lavender
80%
M*Magenta
80%
O*Olive
80%
T*Tan
80%
T*Turquoise
80%
V*Violet
80%
E*Emerald
70%
I*Indigo
70%
L*Lemon
70%
LLilac
70%
L*Lime
70%
M*Maroon
70%
S*Scarlet
70%
A*Amber
60%
A*Aquamarine
60%
B*Beige
60%
C*Cyan
60%
MMauve
60%
OOchre
60%
R*Rose
60%
S*Salmon
60%
T*Teal
60%
B*Bronze
50%
C*Chartreuse
50%
C*Crimson
50%
A*Aubergine
40%
AAzure
40%
B*Burgundy
40%
CCerulean
40%
C*Copper
40%
C*Cream
40%
E*Eggplant
40%
P*Peach
40%
PPuce
40%
R*Ruby
40%
RRust
40%
T*Tangerine
40%
UUltramarine
40%
A*Apricot
30%
I*Ivory
30%
SSienna
30%
VVermilion
30%
AAmaranth
20%
C*Chestnut
20%
C*Chocolate
20%
C*Coral
20%
EEggshell
20%
M*Mint
20%
P*Periwinkle
20%
TTaupe
20%
UUmber
20%
BBuff
10%
CCarmine
10%
GGamboge
10%
SSaffron
10%
TTawny
10%
VVerdigris
10%
W*Wine
10%
BBistre
0%
BBole
0%
BByzantium
0%
CCamel
0%
CCardinal
0%
CCeleste
0%
CCerise
0%
CCitrine
0%
C*Coffee
0%
M*Mustard
0%
OOxblood
0%
SSepia
0%
SSinopia
0%
VViridian
0%

Score Distribution

Percentile by Number Answered

Percent of People with Each Score

Your Score History

You have not taken this quiz